[Event "AUTO-OPEN-923"]
[Site "http://www.queenalice.com/game.php?id=314572"]
[Date "2007.12.4"]
[Round "1"]
[White "silverado"]
[Black "Caballero"]
[Result "1-0"]
[WhiteElo "1676"]
[BlackElo "1671"]

1. e4 e5 2. Nf3 Nc6 3. Nc3 Nf6 4. Bc4 h6 5. Nd5 Bd6 6. d3 O-O 7. Nxf6+ Qxf6 8.
Be3 a6 9. c3 b5 10. Bd5 Bb7 11. d4 Rab8 12. b4 Ne7 13. Bxb7 Rxb7 14. O-O c6 15.
Rc1 Ra7 16. dxe5 Bxe5 17. Nxe5 Qxe5 18. Bxa7 Qxe4 19. Qxd7 Nf5 20. Bc5 Nh4 21.
f3 Qg6 22. g3 Nf5 23. Bxf8 1-0

[Event "AUTO-OPEN-923"]
[Site "http://www.queenalice.com/game.php?id=314573"]
[Date "2007.12.4"]
[Round "1"]
[White "Caballero"]
[Black "silverado"]
[Result "1-0"]
[WhiteElo "1640"]
[BlackElo "1692"]

1. e4 e5 2. Nf3 Nc6 3. Bc4 d6 4. d3 Bg4 5. O-O h6 6. h3 Bxf3 7. Qxf3 f6 8. Nc3
Nd4 9. Qh5+ Kd7 10. Bxg8 Rxg8 11. Qf7+ Be7 12. Qc4 c6 13. a4 Nxc2 14. Rb1 a5 15.
Na2 Nd4 16. Be3 b5 17. axb5 cxb5 18. Qd5 Ne2+ 19. Kh1 Qb8 20. Rfe1 Nf4 21. Bxf4
exf4 22. Qf5+ Kd8 23. Rec1 Qb7 24. Nc3 b4 25. Nd5 Rc8 26. Rxc8+ Qxc8 27. Qxc8+
1-0

[Event "AUTO-ADV-735"]
[Site "http://www.queenalice.com/game.php?id=316171"]
[Date "2007.12.6"]
[Round "1"]
[White "Caballero"]
[Black "Rgbug"]
[Result "1-0"]
[WhiteElo "1762"]
[BlackElo "2005"]

1. d4 d5 2. e3 Nf6 3. c4 Be6 4. b3 Bf5 5. Nf3 e6 6. Nc3 Bb4 7. Bd2 Ne4 8. Nxe4
dxe4 9. Bxb4 exf3 10. Qxf3 Nc6 11. Ba3 Qd7 12. Be2 O-O-O 13. O-O h5 14. Qg3 g6
15. Bb2 Ne7 16. f3 h4 17. Qf2 g5 18. e4 Bg6 19. d5 Kb8 20. Bxh8 Rxh8 21. Rad1
exd5 22. cxd5 f6 23. d6 cxd6 24. Qd4 Rf8 25. Qxd6+ Qxd6 26. Rxd6 Nc8 27. Rd7 Nb6
28. Rg7 Bh5 29. Rc1 Be8 30. a4 Bc6 31. Bb5 Bxb5 32. axb5 Rc8 33. Rxc8+ Kxc8 34.
Kf2 Nd7 35. Rf7 Kc7 36. Ke3 a6 37. bxa6 bxa6 38. Kd4 Kd6 39. Rxd7+ Kxd7 40. Kc5
Ke6 41. Kb6 Ke5 42. Kxa6 Kf4 43. b4 Ke3 44. b5 Kf2 45. b6 Kxg2 46. b7 Kxf3 47.
b8=Q Kxe4 48. h3 f5 49. Qb1+ Ke5 50. Qe1+ Kf6 51. Qc3+ Ke6 52. Qg7 Kd5 53. Qxg5
Ke4 54. Qxh4+ f4 55. Qf2 1-0

[Event "AUTO-ADV-735"]
[Site "http://www.queenalice.com/game.php?id=316173"]
[Date "2007.12.6"]
[Round "1"]
[White "Caballero"]
[Black "Number9"]
[Result "1-0"]
[WhiteElo "1719"]
[BlackElo "1584"]

1. d4 Nf6 2. c4 e6 3. Nf3 d5 4. e3 c5 5. Nc3 cxd4 6. exd4 dxc4 7. Bxc4 Be7 8.
O-O O-O 9. Re1 Nc6 10. Bf4 Qb6 11. b3 Rd8 12. Be3 Qa5 13. Qd3 1-0

[Event "AUTO-ADV-735"]
[Site "http://www.queenalice.com/game.php?id=316174"]
[Date "2007.12.6"]
[Round "1"]
[White "Number9"]
[Black "Caballero"]
[Result "0-1"]
[WhiteElo "1596"]
[BlackElo "1707"]

1. d4 d5 2. c4 dxc4 3. Nf3 e6 4. e4 Nc6 5. Bxc4 Bb4+ 6. Nc3 Nge7 7. O-O O-O 8.
Be3 Bxc3 9. bxc3 a6 10. Qc2 b5 11. Bd3 Ng6 12. a4 b4 0-1

[Event "AUTO-ADV-735"]
[Site "http://www.queenalice.com/game.php?id=316175"]
[Date "2007.12.6"]
[Round "1"]
[White "Caballero"]
[Black "BobGomes"]
[Result "1-0"]
[WhiteElo "1909"]
[BlackElo "1982"]

1. d4 Nf6 2. c4 c5 3. e3 e6 4. Nf3 a6 5. Nc3 d5 6. Bd3 Nc6 7. cxd5 cxd4 8. dxe6
dxc3 9. exf7+ Kxf7 10. bxc3 Qd5 11. O-O Bc5 12. e4 Qd6 13. Re1 Re8 14. Be3 Kf8
15. Bc2 Bg4 16. Qxd6+ Bxd6 17. Nd4 Ne5 18. h3 Bh5 19. Nf5 Bc7 20. Bc5+ Kg8 21.
Rab1 b5 22. f4 Nc4 23. e5 Nd5 24. Be4 Nxc3 25. Bxa8 Nxb1 26. Bd5+ Kh8 27. Rxb1
Bg6 28. g4 Nb6 29. Bb7 Nd7 30. Bd4 Nb8 31. Ba7 Nd7 32. Bxa6 Ra8 33. Bxb5 Nxe5
34. fxe5 Rxa7 35. e6 Ra8 36. e7 Bb6+ 37. Kh1 Bc5 38. Re1 Be8 39. Bxe8 Rxe8 40.
Re5 Bb4 41. Re4 Ba3 42. Re6 g6 43. Ne3 Rxe7 44. Rxe7 Bxe7 45. a4 Bc5 46. Nc4 Kg7
47. Kg2 Kf6 48. Kf3 Kg5 49. a5 Kf6 50. Ke4 Kg5 51. Kd5 Ba7 52. Kc6 Kh4 53. Nb6
Bb8 54. Kb7 Bf4 55. a6 Kxh3 56. a7 Kxg4 57. a8=Q g5 58. Nd5 Be5 59. Qg8 h5 60.
Qe6+ 1-0

[Event "AUTO-ADV-735"]
[Site "http://www.queenalice.com/game.php?id=316176"]
[Date "2007.12.6"]
[Round "1"]
[White "BobGomes"]
[Black "Caballero"]
[Result "0-1"]
[WhiteElo "1954"]
[BlackElo "1806"]

1. d4 d5 2. Nf3 Nf6 3. e3 e6 4. Bd3 c5 5. b3 cxd4 6. exd4 Bd6 7. Bg5 h6 8. Bh4
O-O 9. O-O Nc6 10. c3 e5 11. dxe5 Nxe5 12. Nxe5 Bxe5 13. Qc2 Be6 14. Bg3 Bxg3
15. fxg3 Ng4 16. Qe2 Qb6+ 17. Kh1 Rae8 18. Qd2 Ne3 19. Rf4 Bd7 20. Na3 Re6 21.
Nc2 Rfe8 22. Re1 Nxc2 23. Rxe6 Rxe6 24. Bxc2 Qe3 25. Qxe3 Rxe3 26. Kg1 Rxc3 27.
Rf2 Be6 28. Rd2 Kf8 29. Kf2 Ke7 30. Bd1 Kd6 31. Bf3 b5 32. g4 g5 33. h3 a5 34.
Ke2 b4 35. Be4 Kc5 36. Bf5 Bxf5 37. gxf5 Kd6 38. Rd3 Rc2+ 39. Rd2 Rxd2+ 40. Kxd2
Ke5 41. g4 Ke4 0-1

[Event "AUTO-ADV-737"]
[Site "http://www.queenalice.com/game.php?id=317689"]
[Date "2007.12.9"]
[Round "1"]
[White "andrevillares"]
[Black "Caballero"]
[Result "1-0"]
[WhiteElo "1968"]
[BlackElo "1753"]

1. d4 d5 2. c4 Nf6 3. cxd5 Nxd5 4. e4 Nb6 5. Bd3 e6 6. Ne2 c5 7. Be3 cxd4 8.
Nxd4 e5 9. Nf3 Bg4 10. Bb5+ N6d7 11. Qb3 Bxf3 12. gxf3 a6 13. Bc4 Qf6 14. Qxb7
Bc5 15. Bxc5 Qc6 16. Qxc6 Nxc6 17. Bd5 Rc8 18. Be3 O-O 19. Nc3 Nf6 20. Rc1 Nb4
21. Ke2 Nbxd5 22. Nxd5 Nxd5 23. exd5 f5 24. Bc5 Rfd8 25. d6 Kf7 26. Rhd1 g5 27.
d7 1-0

[Event "AUTO-ADV-737"]
[Site "http://www.queenalice.com/game.php?id=317690"]
[Date "2007.12.9"]
[Round "1"]
[White "Caballero"]
[Black "andrevillares"]
[Result "1-0"]
[WhiteElo "1828"]
[BlackElo "1976"]

1. e4 Nf6 2. Nc3 d5 3. exd5 Nxd5 4. Nxd5 Qxd5 5. Nf3 e5 6. b3 Bc5 7. Bc4 Qe4+ 8.
Be2 O-O 9. O-O Nc6 10. Bb2 Bf5 11. d3 Qd5 12. c4 Qe6 13. Re1 Rad8 14. a3 Nd4 15.
b4 Nxf3+ 16. Bxf3 Rxd3 17. Qc1 Bd4 18. Bxd4 Rxd4 19. Bxb7 Rxc4 20. Qe3 e4 21.
Qxa7 Qg6 22. Bd5 Rc2 23. Qe3 Re8 24. Qd3 Rb2 25. Qc3 Qf6 26. Qxf6 gxf6 27. Bc6
Re7 28. b5 Bd7 29. Bxe4 Bxb5 30. Bxh7+ Kf8 31. Rxe7 Kxe7 32. h4 c5 33. Rb1 Rxb1+
34. Bxb1 Kf8 35. g4 Bd7 36. f3 c4 37. Kf2 Ba4 38. Ke3 Kg7 39. Kd4 Bc6 40. f4 Bf3
41. Bf5 Be2 42. a4 Kf8 43. a5 Ke7 44. a6 c3 45. a7 Bf3 46. Kxc3 Ba8 47. Kd4 Kf8
48. Be4 1-0

[Event "AUTO-ADV-737"]
[Site "http://www.queenalice.com/game.php?id=317705"]
[Date "2007.12.9"]
[Round "1"]
[White "Caballero"]
[Black "lesangesleader"]
[Result "1-0"]
[WhiteElo "1703"]
[BlackElo "1580"]

1. d4 d5 2. e3 Nf6 3. Nf3 Bg4 4. h3 Bxf3 5. Qxf3 e6 6. Bd3 a6 7. O-O c5 8. c4
cxd4 9. cxd5 Nxd5 10. exd4 Nc6 11. Nc3 Nxd4 12. Qg4 Nf6 13. Qg3 g6 14. Bf4 Bg7
15. Bd6 Nf5 16. Bxf5 exf5 17. Qe5+ Kd7 18. Rfd1 Kc8 19. Qc5+ 1-0

[Event "AUTO-ADV-737"]
[Site "http://www.queenalice.com/game.php?id=317706"]
[Date "2007.12.9"]
[Round "1"]
[White "lesangesleader"]
[Black "Caballero"]
[Result "1/2-1/2"]
[WhiteElo "1527"]
[BlackElo "1714"]

1. Nf3 d5 2. d4 Nf6 3. c4 e6 4. cxd5 exd5 5. Nc3 Bb4 6. Bd2 Nc6 7. a3 Bxc3 8.
bxc3 Bg4 9. e3 Bxf3 10. Qxf3 O-O 11. c4 b6 12. cxd5 Qxd5 13. Qxd5 Nxd5 14. Bc4
Rad8 15. O-O Nce7 16. Rfc1 c5 17. dxc5 bxc5 18. Ba5 Rc8 19. Ba6 Rc6 20. Bb5 Rcc8
21. Ba6 1/2-1/2

[Event "AUTO-ADV-737"]
[Site "http://www.queenalice.com/game.php?id=317707"]
[Date "2007.12.9"]
[Round "1"]
[White "Caballero"]
[Black "marcos_excel"]
[Result "1-0"]
[WhiteElo "1728"]
[BlackElo "1951"]

1. e4 c5 2. Nf3 Qc7 3. Nc3 Nc6 4. Bc4 e6 5. O-O Nd4 6. d3 Nxf3+ 7. Qxf3 Bd6 8.
Be3 Bxh2+ 9. Kh1 Be5 10. Nb5 Qb6 11. Bf4 f6 12. Bxe5 fxe5 13. Qh5+ g6 14. Qxe5
Nf6 15. Qxf6 Rf8 16. Qe5 Kd8 17. Qg7 Re8 18. e5 h6 19. Nd6 Qxb2 20. Qf6+ Re7 21.
Qf8+ Kc7 22. Nb5+ Kb8 23. Qxe7 Qxe5 24. Rae1 Qh5+ 25. Kg1 b6 26. Qd8 Kb7 27.
Nd6+ Kc6 28. Ne8 d5 29. Qc7# 1-0

[Event "AUTO-ADV-737"]
[Site "http://www.queenalice.com/game.php?id=317708"]
[Date "2007.12.9"]
[Round "1"]
[White "marcos_excel"]
[Black "Caballero"]
[Result "1/2-1/2"]
[WhiteElo "1930"]
[BlackElo "1801"]

1. d4 d5 2. Nc3 e6 3. e4 dxe4 4. Nxe4 Nf6 5. Nxf6+ Qxf6 6. Nf3 Bd6 7. Bc4 O-O 8.
Bg5 Qf5 9. Bd3 Qg4 10. O-O Nc6 11. c3 e5 12. h3 Qe6 13. d5 Qe8 14. Re1 Ne7 15.
c4 c6 16. Bxe7 Qxe7 17. Qe2 Bb4 18. Qe4 f5 19. Qxe5 Qd8 20. Red1 Bd6 21. Qd4 c5
22. Qc3 g5 23. Re1 g4 24. hxg4 fxg4 25. Ne5 Qh4 26. g3 Qh5 27. Re3 a5 28. Kg2
Qh3+ 29. Kg1 Qh5 30. Rae1 a4 31. f3 gxf3 32. Rxf3 Rxf3 33. Nxf3 Bg4 34. Qf6 Bxf3
35. Qe6+ Kg7 36. Qd7+ Kg8 37. Qe6+ Kg7 38. Qd7+ Kg8 39. Qe6+ Kh8 40. Qf6+ Kg8
41. Qe6+ 1/2-1/2

[Event "AUTO-INT-705"]
[Site "http://www.queenalice.com/game.php?id=361161"]
[Date "2008.2.26"]
[Round "2"]
[White "Pinha"]
[Black "Caballero"]
[Result "0-1"]
[WhiteElo "1979"]
[BlackElo "1968"]

1. e4 e5 2. Nf3 Bd6 3. d4 Bb4+ 4. c3 Be7 5. Bc4 d5 6. Bxd5 Nf6 7. dxe5 Nxd5 8.
exd5 O-O 9. O-O Bg4 10. Bf4 Nd7 11. d6 cxd6 12. exd6 Bf6 13. h3 Be6 14. Re1 Qb6
15. Qc2 Bd5 16. Ng5 Bxg5 17. Bxg5 Rfe8 18. Bd2 Rxe1+ 19. Bxe1 Qxd6 20. b3 Re8
21. Nd2 b5 22. Rd1 Qc6 23. f3 b4 24. c4 Qc7 25. Qf5 Be6 26. Qb5 Qd6 27. Bf2 a6
28. Qa5 Rc8 29. Kh1 h6 30. Bg1 f6 0-1

[Event "AUTO-INT-705"]
[Site "http://www.queenalice.com/game.php?id=361162"]
[Date "2008.2.26"]
[Round "2"]
[White "Caballero"]
[Black "Pinha"]
[Result "1-0"]
[WhiteElo "1950"]
[BlackElo "1997"]

1. d4 Nf6 2. c4 e6 3. Nf3 b6 4. Nc3 Bb7 5. e3 Be7 6. Bd3 d5 7. cxd5 exd5 8. O-O
O-O 9. Ng5 Ba6 10. Re1 Bxd3 11. Qxd3 c6 12. e4 dxe4 13. Ncxe4 Nbd7 14. Bd2 Nxe4
15. Nxe4 Rc8 16. Rad1 Nc5 17. Nxc5 Bxc5 18. Bc3 Bd6 19. d5 c5 20. Qf5 Qc7 21.
Re4 f6 22. Rh4 g6 23. Qe6+ Kg7 24. Rd3 h5 25. g4 hxg4 26. Rxg4 Qe7 27. Qf5 Qf7
28. h4 Kh6 29. Qf3 Rce8 30. Re3 f5 31. Rg2 f4 32. Rd3 1-0

[Event "AUTO-INT-705"]
[Site "http://www.queenalice.com/game.php?id=361167"]
[Date "2008.2.26"]
[Round "2"]
[White "Caballero"]
[Black "silverado"]
[Result "1-0"]
[WhiteElo "1850"]
[BlackElo "1823"]

1. d4 d5 2. e3 Bf5 3. Nf3 e6 4. c4 Bg4 5. Be2 dxc4 6. Bxc4 f6 7. h3 Bxf3 8. Qxf3
c6 9. Bxe6 Qe7 10. Bxg8 Rxg8 11. O-O g6 12. Bd2 h5 13. e4 Nd7 14. Nc3 Nb6 15.
Rfe1 Bg7 16. Nd5 Qf7 17. Nxb6 axb6 18. d5 O-O-O 19. Rac1 c5 20. b4 Qf8 21. bxc5
bxc5 22. Qa3 b6 23. Qa8+ Kd7 24. Qc6+ 1-0

[Event "AUTO-INT-705"]
[Site "http://www.queenalice.com/game.php?id=361168"]
[Date "2008.2.26"]
[Round "2"]
[White "silverado"]
[Black "Caballero"]
[Result "0-1"]
[WhiteElo "1802"]
[BlackElo "1875"]

1. d4 d5 2. Bf4 e6 3. e3 Nf6 4. f3 c5 5. Bg5 Be7 6. Bxf6 Bxf6 7. c3 b6 8. dxc5
bxc5 9. Na3 Nc6 10. Bb5 Bd7 11. Qa4 Ne5 12. Bxd7+ Qxd7 13. Nb5 Nd3+ 14. Ke2 Nxb2
15. Nc7+ Kd8 16. Qxd7+ Kxd7 17. Nxa8 Rxa8 18. Rc1 c4 19. Nh3 Na4 20. Kd2 Rb8 21.
Rc2 Nc5 22. g4 a6 23. Nf4 Be5 24. h3 Bxf4 25. exf4 Nd3 26. Ke3 f6 27. h4 Kd6 28.
g5 e5 29. f5 Kc5 30. Kd2 d4 31. g6 h5 32. Rh2 Rb1 33. cxd4+ exd4 34. Re2 Nf4 35.
Re1 c3+ 36. Rxc3+ dxc3+ 37. Ke3 Rxe1+ 38. Kxf4 c2 39. a4 c1=Q+ 40. Kg3 Rg1+ 0-1

[Event "AUTO-INT-705"]
[Site "http://www.queenalice.com/game.php?id=361169"]
[Date "2008.2.26"]
[Round "2"]
[White "Caballero"]
[Black "Rgbug"]
[Result "1-0"]
[WhiteElo "1888"]
[BlackElo "2023"]

1. d4 d5 2. Nf3 Nc6 3. e3 Nf6 4. c4 e6 5. Nc3 b6 6. Bd3 Ba6 7. cxd5 Bxd3 8. Qxd3
Nxd5 9. O-O Qd7 10. a3 Be7 11. e4 Nxc3 12. Qxc3 O-O 13. Bf4 f6 14. Rac1 Nb8 15.
Qxc7 Qxc7 16. Rxc7 Re8 17. Bg3 Na6 18. Rc6 Bf8 19. Rfc1 Rad8 20. b4 Nb8 21. Rc7
a5 22. Rb7 Nd7 23. Bc7 Rc8 24. Rb1 axb4 25. axb4 Ra8 26. Bxb6 Nxb6 27. Rxb6 Ra2
28. b5 Rea8 29. h3 Kf7 30. Rb7+ Kg8 31. b6 Ra1 32. Rxa1 Rxa1+ 33. Kh2 Ra2 34.
Kg3 1-0

[Event "AUTO-INT-705"]
[Site "http://www.queenalice.com/game.php?id=361170"]
[Date "2008.2.26"]
[Round "2"]
[White "Rgbug"]
[Black "Caballero"]
[Result "0-1"]
[WhiteElo "2072"]
[BlackElo "1928"]

1. e4 e5 2. Nf3 Bd6 3. Bc4 h6 4. d4 exd4 5. Qxd4 Nf6 6. e5 Nc6 7. Bxf7+ Kf8 8.
Qe3 Nxe5 9. Nxe5 Bxe5 10. Bg6 Qe7 11. h3 d6 12. c3 Be6 13. O-O Nd5 14. Qf3+ Kg8
15. c4 Rf8 16. Qa3 Nf4 17. Bxf4 Rxf4 18. Nd2 Qf6 19. Qd3 Rd4 20. Qe3 Qxg6 21. f4
Rd3 22. Qf2 Bd4 23. Qxd4 Rxd4 24. Rf2 Bxh3 25. Raf1 Rxf4 26. Kh2 Rxf2 27. Rxf2
Be6 28. Nf3 Bxc4 29. Nh4 Qg5 30. g3 Kh7 31. b3 Bd5 32. Rf5 Qd2+ 33. Kh3 g5 34.
Nf3 Bxf3 35. Rxf3 h5 36. g4 hxg4+ 37. Kxg4 Kg6 38. Rf6+ Kxf6 39. Kf3 Rh3+ 0-1

[Event "Challenge"]
[Site "http://www.queenalice.com/game.php?id=362319"]
[Date "2008.2.28"]
[Round "-"]
[White "Caballero"]
[Black "hartto"]
[Result "1-0"]
[WhiteElo "1865"]
[BlackElo "1726"]

1. e4 c5 2. Nf3 Nc6 3. Bb5 e6 4. Bxc6 bxc6 5. Nc3 d5 6. d4 dxe4 7. Nxe4 Ba6 8.
dxc5 Qxd1+ 9. Kxd1 Rd8+ 10. Ke1 g6 11. Bg5 Be7 12. Bxe7 Kxe7 13. Ne5 Bb7 14. Rd1
Nf6 15. Nd6 Ba6 16. Nexf7 Rxd6 17. Nxd6 Rb8 18. b3 Nd5 19. c4 Nc3 20. Ra1 Rf8
21. f3 1-0

[Event "AUTO-ADV-735"]
[Site "http://www.queenalice.com/game.php?id=424401"]
[Date "2008.6.28"]
[Round "2"]
[White "Caballero"]
[Black "K19"]
[Result "0-1"]
[WhiteElo "2010"]
[BlackElo "2222"]

1. e4 c5 2. Nf3 d6 3. Bc4 e6 4. d4 cxd4 5. Nxd4 Nf6 6. Bg5 Qa5+ 7. Qd2 Nc6 8.
Nxc6 Qxd2+ 9. Nxd2 bxc6 10. O-O d5 11. exd5 cxd5 12. Bb5+ Bd7 13. Bxd7+ Nxd7 14.
Rfe1 Rc8 15. Rac1 Be7 16. Bxe7 Kxe7 17. b4 Rc3 18. a4 Rhc8 0-1